000 00953cam a2200181ua 4500
020 _c310
041 _aeng
_h
082 _a691
_bCIB/AP
110 1 _aCIB .
_bRilem
_c()
245 _aAppropriate Building materials for law cost housing /
_cCIB.
_hTextual Documents
250 _a1 /
_b.
260 _a :
_bOxford & IBH Publishing company ,
_c1983.
300 _a524 ; .
365 _a310
504 _a
942 _cBK
999 _c3361
_d3361